Loading...
Literature - British Literature | 0 | 7 | 0 | 0 | 70 | 18 | 79.29 | 3 | 7 |
Fine Arts - Painting & Sculpture | 0 | 4 | 0 | 0 | 40 | 72 | 86.75 | 2 | 4 |
History - American History | 0 | 4 | 0 | 0 | 40 | 54 | 85.50 | 1 | 4 |
History - European History | 0 | 5 | 2 | 0 | 40 | 47 | 81.60 | 2 | 5 |
Literature - European Literature | 0 | 5 | 2 | 0 | 40 | 43 | 103.80 | 2 | 5 |
Philosophy | 0 | 3 | 0 | 0 | 30 | 76 | 101.00 | 0 | 3 |
History - Other History | 0 | 3 | 0 | 1 | 30 | 60 | 99.67 | 1 | 3 |
Mythology | 0 | 3 | 0 | 0 | 30 | 64 | 80.67 | 1 | 3 |
Literature - World Literature | 0 | 3 | 1 | 1 | 25 | 81 | 106.33 | 1 | 3 |
History - World History | 0 | 3 | 1 | 1 | 25 | 64 | 92.00 | 1 | 3 |
Religion | 0 | 2 | 0 | 1 | 20 | 122 | 125.00 | 0 | 2 |
Other | 0 | 2 | 0 | 1 | 20 | 101 | 112.50 | 0 | 2 |
Fine Arts - Other Fine Arts | 0 | 2 | 1 | 0 | 15 | 66 | 78.00 | 1 | 2 |
Literature - American Literature | 0 | 2 | 1 | 0 | 15 | 40 | 87.50 | 1 | 2 |
Social Science | 0 | 1 | 1 | 0 | 5 | 74 | 74.00 | 1 | 1 |